| 000 | 00604nam a2200217 a 4500 | ||
|---|---|---|---|
| 008 | |||
| 020 | _a9781859461730 (pbk.) | ||
| 049 | _aMAIN | ||
| 090 |
_aNA500 _bPAT |
||
| 100 | 1 | _aPatterson, Simon. | |
| 245 | 1 | 0 |
_aPlantaion lane : _btime and tide / _cSimon Patterson. |
| 260 |
_aLondon : _bRIBA, _c2005. |
||
| 300 |
_a77 p. : _bill. (chiefly col.) ; _c28 cm. |
||
| 650 | _aArchitecture. | ||
| 650 | _aMordern architecture. | ||
| 907 |
_a.b10369375 _b16-02-16 _c15-02-16 |
||
| 003 | |||
| 005 | 20230120131040.0 | ||
| 040 | _cNUST | ||
| 942 |
_cBOOKS _kNA500 _mPAT |
||
| 999 |
_c95917 _d95917 |
||